000 01176 a2200289 4500
003 OSt
005 20230322140250.0
008 220727s2015 enka||||r|||| 00| 0 eng d
020 _a9781783265633 (Conjunto)
020 _a9781783265664 (Parte 1)
020 _a9781783265671 (Parte 2)
040 _cCHAP
082 0 0 _a632.1
_bH19
_222
245 0 0 _aHandbook of climate change and agroecosystems :
_bthe agricultural model intercomparison and improvement project integrated crop an economic assessments /
_ceditado por Cynthia Rosenzweig y Daniel Hill.
264 1 _aLondon :
_bImperial College Press,
_c2015.
300 _aVolúmen
_bfiguras, tablas.
490 1 _aICP Series on climate change impacts, adaptation, and mitigation
504 _aIncluye apendice.
505 _aLa biblioteca tiene : Volumen 3. Parte 1 y Parte 2.
650 2 _9143974
_aClimatología agrícola
650 2 _917781
_aCambio climático
650 2 _935165
_aEcología agrícola
700 1 _9100144
_aRosenzweig, Cynthia
_eEditor.
700 1 _955451
_aHillel, Daniel
_eEditor.
830 _9186457
_aICP Series on climate change impacts, adaptation, and mitigation
942 _2ddc
_cLIBRO
999 _c217357
_d217357